000 00793nam a2200253Ia 4500
003 OSt
005 20221006161010.0
006 a|||||r|||| 00| 0
007 ta
008 221006b |||||||| |||| 00| 0 eng d
020 _a9780806140568
_cRs. 2,145.00
024 _a47,073
037 _cTextual
040 _aEASL
_cEASL
_beng
041 _2eng
_aeng
082 _aV49B:19(zM).J9, P9
100 _aSWOPE Kenneth M.
_9674296
245 0 _aDragon's head and a serpent's tail
_b Ming China and the first great East Asain war, 1592-1598
260 _aNorman
_bUniversity of Oklahoma Press
_c2009
300 _a398p.
_ccm.
490 _v CEL
_aCamapigns and Commanders, v.20
942 _hV49B:19(zM).J9, P9
_cTEXL
_2CC
999 _c1115162
_d1115162